Welcome to the Holygrace Academy Library

Please use search bar below to get started

BIOLOGY FOR CLASS XII (Record no. 737)

MARC details
000 -LEADER
fixed length control field 00261nam a22001097a 4500
082 ## - DEWEY DECIMAL CLASSIFICATION NUMBER
Classification number 574
Item number SAX/B
100 ## - MAIN ENTRY--AUTHOR NAME
Personal name O.P.SAXENA
245 ## - TITLE STATEMENT
Title BIOLOGY FOR CLASS XII
260 ## - PUBLICATION, DISTRIBUTION, ETC. (IMPRINT)
Place of publication DELHI
Name of publisher DHANPAT RAI PUBLICATIONS
Year of publication 2005
650 ## - SUBJECT ADDED ENTRY--TOPICAL TERM
Topical Term BIOLOGY FOR CLASS XII
Geographic subdivision INDIA
942 ## - ADDED ENTRY ELEMENTS (KOHA)
Koha item type Books
Holdings
Withdrawn status Lost status Collection code Home library Current library Shelving location Date acquired Source of acquisition Cost, normal purchase price Full call number Accession Number Koha item type
    Reference Main Library Main Library SHELF-9 E XII BIOLOGY 04/03/2006 purchase 350.00 574 SAX/B 02258 Books